The junkman smiles /

Bibliographic Details
Main Author: Worcester, G. R. G.
Format: Book
Language:English
Published: London : Chatto and Windus, 1959.
Subjects:

MARC

Tag First Indicator Second Indicator Subfields
LEADER 00000cam a2200000 4500
001 in00000494530
005 20151013053419.0
008 750402s1959 enka 00000 eng
010 |a  60002429  
035 |a (OCoLC)01249562 
035 |9 ACB9199AM 
040 |c GUA  |d TXA  |d UtOrBLW 
049 |a TXAM  |c [958791] 
050 0 0 |a VK140.W6  |b A3 
100 1 |a Worcester, G. R. G. 
245 1 4 |a The junkman smiles /  |c With illustrations by the author. 
264 1 |a London :  |b Chatto and Windus,  |c 1959. 
300 |a 254 pages :  |b illustrations ;  |c 23 cm. 
336 |a text  |b txt  |2 rdacontent 
337 |a unmediated  |b n  |2 rdamedia 
338 |a volume  |b nc  |2 rdacarrier 
650 0 |a Junks. 
650 0 |a Inland water transportation  |z China. 
651 0 |a China  |x Social life and customs. 
600 1 0 |a Worcester, G. R. G. 
999 |a MARS 
999 f f |s 6e1ec951-cd0c-3298-a9b3-992dfcfe7d9d  |i 8265b053-041b-3516-a58e-8235b7f50361  |t 0 
952 f f |p normal  |a Texas A&M University  |b Galveston Campus  |c Jack K. Williams Library  |d Galveston Stacks  |t 0  |e VK140.W6 A3  |h Library of Congress classification  |i unmediated -- volume  |m 33620000416186 
952 f f |p normal  |a Texas A&M University  |b College Station  |c Sterling C. Evans Library  |d Evans: Library Stacks  |t 0  |e VK140.W6 A3  |h Library of Congress classification  |i unmediated -- volume  |m A14805709923 
998 f f |a VK140.W6 A3  |t 0  |l Galveston Stacks 
998 f f |a VK140.W6 A3  |t 0  |l Evans: Library Stacks